Aritmética: teórico-práctica con 7008 ejercicios y problemas

Сохранить в:
Библиографические подробности
Главный автор: Baldor, Aurelio (Автор)
Формат:
Язык:испанский
Опубликовано: Cuernavaca Grupo Editorial Patria 2007
Редактирование:2a. ed
Предметы:
Метки: Добавить метку
Нет меток, Требуется 1-ая метка записи!

MARC

LEADER 00000cam a2200000 a 4500
001 UCG9609
003 CL-VaPUC
008 120323e20070000MX |||||||||||||||||spa|d
020 |a 9789708170017 
082 0 4 |a 513  |b BAL  |2 21 
100 0 |a Baldor, Aurelio  |e author  |9 561239 
245 1 0 |a Aritmética: teórico-práctica con 7008 ejercicios y problemas 
250 |a 2a. ed 
300 |a 639 p 
942 |c BK 
945 |d 20120323 00:00:00  |a dcastane 
260 |a Cuernavaca  |b Grupo Editorial Patria  |c 2007 
500 |a Incluye CD con material complementario 
650 0 |a Aritmética   |9 270049 
650 0 |a Matemática  |9 260235 
650 0 |a Matemáticas  |x Enseñanza  |9 875527 
583 |a last modification  |c 20120330 11:43:50  |k Rodrigo Vera 
999 |c 347155  |d 347153